[Event "43rd Capablanca Memorial Open"]
[Site "Havana CUB"]
[Date "2008.05.10"]
[Round "3"]
[White "Tapie Amione,P"]
[Black "Aguero,L"]
[Result "0-1"]
[WhiteElo "2194"]
[BlackElo "2344"]

1.e4 c5 2.Nf3 Nc6 3.Nc3 e5 4.Bc4 Be7 5.d3 d6 6.O-O Nf6 7.Ng5 O-O 8.f4 Bg4
9.Qe1 exf4 10.Bxf4 Nd4 11.Qd2 h6 12.Nf3 Nxf3+ 13.gxf3 Be6 14.Kh1 Kh7 15.Rg1 d5
16.Qg2 g6 17.exd5 Nxd5 18.Bxd5 Bxd5 19.Qh3 h5 20.Rae1 Bf6 21.Bc7 Qc8 22.Qg3 Bh4
23.Qf4 Bxf3+ 24.Qxf3 Qxc7 25.Nd5 Qc6 26.Re5 Rad8 27.c4 Rde8 28.Rxe8 Qxe8
29.Qf4 Qd8 30.Rg2 Kg7 31.d4 cxd4 32.Qxd4+ Kh7 33.Qxa7 Re8 34.Qxb7 Re1+ 35.Rg1 Rxg1+
36.Kxg1 Qg5+ 37.Kh1 Qc1+ 38.Kg2 Qc2+ 39.Kf3 Qd1+ 40.Ke4 Qe1+ 41.Kd3 Qd1+
42.Ke4 Qe1+ 43.Kd3 Qf1+ 44.Kc3 Be1+ 45.Kd4 Bf2+ 46.Ke5 Bc5 47.Nf4 Qe1+ 48.Qe4 Bd6+
49.Kd5 Qd2+ 50.Nd3 Qxh2 51.b4 Bg3 52.Qe7 Kg7 53.Nc5 Qg2+ 54.Ne4 Qf3 55.c5 Qd3+
56.Kc6 Qa6+ 57.Kd5 Qxa2+ 58.Kc6 Qa6+ 59.Kd5 Qd3+ 60.Kc6 Qf3 61.b5 h4 62.Kb7 h3
63.c6 h2 64.Nxg3 Qxg3 65.Qe4 Qg1 66.Qe5+ Kh7 67.Qf6 h1=Q 68.Qxf7+ Kh6 69.Qf8+ Kg5
70.Qe7+ Kf5 71.Qf7+ Ke5 72.Qe7+ Kd4 73.Qb4+ Kd5 74.Qb3+ Kd4 75.Qb4+ Kd5 76.Qb3+ Kc5
77.Qa3+ Kd5 78.Qb2  0-1

[Event "ENCI Limburg Open"]
[Site "Maastricht NED"]
[Date "2008.05.10"]
[Round "2"]
[White "Michielsen,J"]
[Black "Kotronias,V"]
[Result "1/2-1/2"]
[WhiteElo "2326"]
[BlackElo "2611"]

1.e4 c5 2.Nf3 Nc6 3.Nc3 d6 4.d4 cxd4 5.Nxd4 Nf6 6.Bg5 e6 7.Qd2 Be7 8.O-O-O a6
9.f4 Nxd4 10.Qxd4 b5 11.Bxf6 gxf6 12.Kb1 Qc7 13.Be2 Qc5 14.Qd2 Rb8 15.Bf3 a5
16.f5 a4 17.Ne2 b4 18.fxe6 fxe6 19.Nd4 O-O 20.Bg4 f5 21.exf5 exf5 22.Bf3 Bd7
23.Rhe1 Bf6 24.Ne6 Bxe6 25.Rxe6 a3 26.Rxd6 Bxb2 27.Rd7 Bg7 28.Qd5+ Qxd5 29.Bxd5+ Kh8
30.Kc1 Bh6+ 31.Kb1 Rbe8 32.Bf3 Bf4 33.R7d4 Bxh2 34.Rxb4 Rb8 35.Rb3 Be5 36.Kc1 Bf4+
37.Kb1 Kg7 38.Rd3 Rfe8 39.Rxb8 Rxb8+ 40.Rb3 Re8 41.c4 Re1+ 42.Kc2 Rc1+ 43.Kd3 Bd6
44.Rc3 Rxc3+ 45.Kxc3 Bc5 46.Kd3  1/2-1/2

[Event "Mayors Cup Open"]
[Site "Mumbai IND"]
[Date "2008.05.11"]
[Round "1"]
[White "Roy Chowdhury,S"]
[Black "Kavan,S"]
[Result "1-0"]
[WhiteElo "2434"]
[BlackElo "1806"]

1.e4 c5 2.Nf3 Nc6 3.Nc3 e6 4.Bb5 d6 5.O-O Nf6 6.d4 Be7 7.d5 a6 8.Ba4 b5 9.Nxb5 axb5
10.Bxb5 Rb8 11.Bxc6+ Bd7 12.Bxd7+ Qxd7 13.dxe6 fxe6 14.e5 Ng4 15.exd6 Bxd6
16.h3 Nf6 17.b3 O-O 18.Bb2 Qc7 19.Qe2 Rbe8 20.Bxf6 Rxf6 21.Rad1 Qc6 22.Ng5 Rg6
23.Qh5 Rf6 24.Rxd6 Qxd6 25.Qxe8+ Rf8 26.Qxe6+ Qxe6 27.Nxe6 Rc8 28.Rd1 Kf7
29.Ng5+ Kg6 30.h4 h6 31.Rd6+ Kf5 32.Nf3 Kg4 33.Rd5 Kf4 34.Nd2 Kg4 35.f3+ Kxh4
36.Kh2 g5 37.Ne4 Kh5 38.Rd6  1-0

[Event "43rd Capablanca Memorial Open"]
[Site "Havana CUB"]
[Date "2008.05.12"]
[Round "5"]
[White "Guerra,Le"]
[Black "Vigoa Apecheche,Yan"]
[Result "1/2-1/2"]
[WhiteElo "2176"]
[BlackElo "2251"]

1.e4 c5 2.Nf3 Nc6 3.Nc3 g6 4.d4 cxd4 5.Nxd4 Bg7 6.Be3 Nf6 7.Bc4 O-O 8.Bb3 d6
9.h3 Bd7 10.O-O Rc8 11.f4 Qa5 12.Qd3 Nxd4 13.Bxd4 Bc6 14.Rad1 Nd7 15.Bxg7 Kxg7
16.Kh2 Kg8 17.Nd5 Bxd5 18.exd5 a6 19.Rfe1 Rfe8 20.c3 Qb6 21.Qd2 Qc5 22.Re3 Nf6
23.Rde1 Rc7 24.c4 b5 25.cxb5 axb5 26.a3 Qa7 27.f5 Kg7 28.R3e2 Rec8 29.fxg6 hxg6
30.Rf1 Rf8 31.Rf4 Qc5 32.Qd3 Qc1 33.Rb4 Qf1 34.Rd2 Qxd3 35.Rxd3 Rc5 36.Rbd4 Rfc8
37.Bd1 Rc1 38.Rb3 R8c4 39.Rb4 Rxb4 40.axb4 Rc4 41.Rxc4 bxc4 42.Bf3 Nd7 43.Kg3 Kf6
44.Kf4 e5+ 45.dxe6 fxe6 46.Bc6 Nb6 47.Ke4 e5 48.Bd5 g5 49.g3 Kg6 50.b5 Kf6
51.h4 gxh4 52.gxh4 Kg6 53.Bc6 Na4 54.h5+ Kf6 55.h6 c3 56.h7 Kg7 57.bxc3 Nxc3+
58.Kf5 Nxb5  1/2-1/2

[Event "ch-Moscow"]
[Site "Moscow RUS"]
[Date "2008.05.12"]
[Round "1"]
[White "Vorobiov,E"]
[Black "Konovalov,N"]
[Result "1-0"]
[WhiteElo "2536"]
[BlackElo "2426"]

1.e4 c5 2.Nc3 Nc6 3.Nge2 d6 4.d4 cxd4 5.Nxd4 Nf6 6.Bg5 e6 7.Qd2 a6 8.O-O-O Qb6
9.Nxc6 bxc6 10.Bc4 Be7 11.Bb3 Ra7 12.g4 Rd7 13.Be3 Qc7 14.g5 Ng4 15.Bf4 Ne5
16.Bg3 h6 17.f4 Ng6 18.gxh6 Rxh6 19.Kb1 Bh4 20.f5 Bxg3 21.hxg3 Rxh1 22.Rxh1 Nf8
23.Qg5 f6 24.Qg4 exf5 25.exf5 Re7 26.a3 Re5 27.Rh8 Bxf5 28.Qh5+ g6 29.Qh6 Qe7
30.g4 Be6 31.Qxg6+ Qf7 32.Qh6 Bxb3 33.cxb3 d5 34.Qf4 Qg6+ 35.Ka2 Kf7 36.Qa4 Kg7
37.Rh1 Qc2 38.Qxc6 d4 39.Qc7+ Kg6 40.Rh8 Kg5 41.Qg7+ Ng6 42.Nd5 Kxg4 43.Nxf6+ Kf3
44.Rh3+ Kf4 45.Nh5+ Kg4 46.Rg3+ Kh4 47.Qf6+ Kxh5 48.Rh3+  1-0

[Event "Mayors Cup Open"]
[Site "Mumbai IND"]
[Date "2008.05.12"]
[Round "2"]
[White "Tiwari,Ar"]
[Black "Ramnath,H"]
[Result "1-0"]
[WhiteElo "2320"]
[BlackElo "2053"]

1.e4 c5 2.Nc3 Nc6 3.Bb5 Nd4 4.Bc4 g6 5.Nf3 Bg7 6.Nxd4 cxd4 7.Qf3 Nh6 8.Ne2 O-O
9.d3 Qb6 10.Bb3 d6 11.h4 Qa5+ 12.Bd2 Qh5 13.Qxh5 gxh5 14.Nxd4 Bxd4 15.Bxh6 Bxb2
16.Bxf8 Bxa1 17.Bxe7 Be5 18.O-O Be6 19.f4 Bd4+ 20.Kh2 Bxb3 21.cxb3 Rc8 22.Bxd6 Rc2
23.e5 Be3 24.f5 f6 25.e6 Bc5 26.Bxc5 Rxc5 27.d4 Rd5 28.Rc1 Rd8 29.Rc7 Rb8
30.d5  1-0

[Event "Mayors Cup Open"]
[Site "Mumbai IND"]
[Date "2008.05.12"]
[Round "2"]
[White "Udeshi,A"]
[Black "Dave,Shi"]
[Result "1-0"]
[WhiteElo "2299"]
[BlackElo "1975"]

1.e4 c5 2.Nc3 Nc6 3.Bb5 Nd4 4.Bc4 e6 5.Nf3 g6 6.O-O Bg7 7.Nxd4 cxd4 8.Nb5 d6
9.c3 e5 10.Qb3 Nh6 11.d3 O-O 12.Qa3 dxc3 13.bxc3 Be6 14.Bxe6 fxe6 15.Nxd6 Qd7
16.Bxh6 Bxh6 17.Rad1 b5 18.d4 Bg7 19.d5 Rfb8 20.dxe6 Qxe6 21.Rd5 Bf8 22.Rfd1 Rb6
23.Qb3 Rab8 24.Nxb5 a6 25.Nc7 Qf7 26.Rd7 Qxb3 27.axb3 Rxb3 28.Nd5 R8b7 29.Nf6+ Kh8
30.Kf1 Be7 31.Ng4 Kg8 32.Ke2 Bg5 33.Nxe5 a5 34.Rxb7 Rxb7 35.Ra1 Rb5 36.Nc6 Bf6
37.Kd3 Rc5 38.Nd4 Be5 39.g3 Kf7 40.f4 Bc7 41.e5 Ke7 42.Ra4 Rd5 43.Ke4 Rc5
44.Kd3 Bb6 45.Rc4 Rd5 46.Rc6 Bd8 47.Kc4 Rd7 48.Ne6 Rd2 49.Nxd8 Kxd8 50.Rd6+ Rxd6
51.exd6 Kd7 52.Kb5 Kxd6 53.Kxa5 Kc5 54.g4 Kc4 55.f5 gxf5 56.gxf5  1-0

[Event "Mayors Cup Open"]
[Site "Mumbai IND"]
[Date "2008.05.12"]
[Round "2"]
[White "Pranav,S"]
[Black "Roy Chowdhury,S"]
[Result "1-0"]
[WhiteElo "2100"]
[BlackElo "2434"]

1.e4 c5 2.Nc3 Nc6 3.Bb5 Nd4 4.Bc4 e6 5.Nf3 Qc7 6.d3 Nc6 7.O-O a6 8.a4 Nf6
9.Nh4 Be7 10.f4 d6 11.Nf3 O-O 12.Qe1 Nd7 13.Qg3 Bf6 14.Nd1 Nb6 15.Bb3 Nd7
16.c3 Ra7 17.Ne3 b5 18.Ng4 Kh8 19.Bc2 Be7 20.Ne3 bxa4 21.Qh3 Nf6 22.Ng5 h6
23.Nf3 Ng8 24.f5 Qd8 25.d4 cxd4 26.cxd4 exf5 27.Nxf5 Bf6 28.Rxa4 Rc7 29.Bb1 Nce7
30.g4 Nxf5 31.gxf5 Bb7 32.Rb4 Ba8 33.Bf4 a5 34.Ra4 Rc8 35.e5 dxe5 36.dxe5 Qb6+
37.Nd4 Be7 38.f6 Bc5 39.Be3 g5 40.Qf5  1-0

[Event "Mayors Cup Open"]
[Site "Mumbai IND"]
[Date "2008.05.12"]
[Round "3"]
[White "Satyapragyan,S"]
[Black "Sinha,Sud"]
[Result "1-0"]
[WhiteElo "2410"]
[BlackElo "2211"]

1.e4 c5 2.Nf3 Nc6 3.Nc3 g6 4.d4 cxd4 5.Nxd4 Bg7 6.Be3 Nf6 7.Bc4 O-O 8.Bb3 Qa5
9.O-O d6 10.h3 Bd7 11.f4 Nxd4 12.Bxd4 Bc6 13.Qd3 b5 14.e5 Ne8 15.Bd5 Bxd5
16.Nxd5 Qd8 17.Qxb5 dxe5 18.Bxe5 Bxe5 19.fxe5 Nc7 20.Nxc7 Qxc7 21.c3 Rab8
22.Qe2 Qb6+ 23.Rf2 Rfc8 24.Rf1 Rc5 25.Kh1 Rf8 26.Qe3 Qc7 27.Re1 Rd8 28.Rfe2 Rxe5
29.Qf3 Rd3 30.Re3 Rd2 31.R1e2 Qa5 32.a3 Qa4 33.Kh2 Rd1 34.Rf2 Qb3 35.Rf1 Rxf1
36.Rxe5  1-0

[Event "11th IHEM"]
[Site "Hamburg GER"]
[Date "2008.05.13"]
[Round "4"]
[White "Sander,R"]
[Black "Borges,Gu"]
[Result "0-1"]
[WhiteElo "2058"]
[BlackElo "2166"]

1.e4 c5 2.Nc3 Nc6 3.Nf3 d6 4.d4 cxd4 5.Nxd4 e5 6.Ndb5 Nf6 7.Bg5 a6 8.Na3 b5
9.Bxf6 gxf6 10.Nd5 f5 11.c3 Bg7 12.exf5 Bxf5 13.Nc2 O-O 14.Nce3 Be6 15.Bd3 f5
16.O-O e4 17.Nf4 Bf7 18.Bc2 Be5 19.Ned5 Qg5 20.g3 Kh8 21.Kh1 Rg8 22.Bb3 Qh6
23.Qe2 Na5 24.Ne7 Nxb3 25.Nxg8 Rxg8 26.axb3 Bxf4 27.gxf4 Bh5 28.f3 Bxf3+
29.Rxf3 exf3 30.Qxf3 Qe6 31.b4 Qb3 32.Qd3 Qf7 33.Qd4+ Rg7 34.Rd1 Qh5 35.Qd5 Qg4
36.Rf1 Qe2 37.Rg1 Rxg1+ 38.Kxg1 Qe3+ 39.Kg2 Qxf4 40.Qf7 Qg4+ 41.Kf2 Qh4+
42.Kg2 Qe4+ 43.Kf2 Qc2+ 44.Kg3 Qd3+ 45.Kg2 Qe2+ 46.Kg3 Qe5+ 47.Kg2 Qg7+ 48.Qxg7+ Kxg7
49.Kf3 Kf6 50.Kf4 Ke6 51.b3 d5 52.h3 Kf6 53.h4 h5 54.Ke3 Ke5 55.Kd3 f4 56.c4 dxc4+
57.bxc4 bxc4+ 58.Kxc4 Ke4 59.Kc5 f3 60.Kb6 f2 61.Kxa6 f1=Q+ 62.b5 Kd5  0-1

[Event "43rd Capablanca Memorial Open"]
[Site "Havana CUB"]
[Date "2008.05.13"]
[Round "6"]
[White "Vigoa Apecheche,Yan"]
[Black "Ordunez,E"]
[Result "0-1"]
[WhiteElo "2251"]
[BlackElo "2224"]

1.e4 c5 2.Nf3 Nc6 3.Nc3 g6 4.Bb5 Bg7 5.O-O Nd4 6.Bc4 d6 7.h3 Nf6 8.d3 O-O
9.Nxd4 cxd4 10.Ne2 d5 11.exd5 Nxd5 12.Ng3 e5 13.Ne4 Kh8 14.Qf3 Nb6 15.Bb3 f5
16.Ng3 Qc7 17.c3 dxc3 18.bxc3 Bd7 19.Bd2 Bc6 20.Qe2 Nd5 21.f3 Nf4 22.Bxf4 exf4
23.Nh1 Bxc3 24.Rac1 Bd4+ 25.Kh2 Rae8 26.Qc2 Qd7 27.Qc4 a5 28.a4 Kg7 29.Rfe1 Re3
30.Rf1 g5 31.Nf2 Rfe8 32.Nd1 R3e5 33.Nc3 Rc5  0-1

[Event "Mayors Cup Open"]
[Site "Mumbai IND"]
[Date "2008.05.13"]
[Round "4"]
[White "Tiwari,Ar"]
[Black "Preethi,R"]
[Result "1-0"]
[WhiteElo "2320"]
[BlackElo "2180"]

1.e4 c5 2.Nc3 Nc6 3.Bb5 e6 4.Bxc6 bxc6 5.d3 Ne7 6.f4 d5 7.Nf3 g6 8.O-O Bg7
9.e5 O-O 10.b3 Rb8 11.Na4 c4 12.dxc4 dxc4 13.Ba3 Qxd1 14.Rfxd1 Re8 15.Bxe7 Rxe7
16.Rd8+ Bf8 17.Rad1 Kg7 18.Nc5 Rc7 19.Na6 Bxa6 20.Rxb8 Bc5+ 21.Kh1 Be3 22.bxc4 Bxc4
23.Re1 Bf2 24.Reb1 Bb6 25.a4 Ba6 26.Rd8 c5 27.Nd2 c4 28.Ne4 c3 29.Nf6 Rc4
30.Rg8+ Kh6 31.Rxb6 axb6 32.g4 Rxf4 33.h4 Bb7+ 34.Kg1 Rxf6 35.exf6 Bf3 36.g5+ Kh5
37.Kf2 Kg4 38.Rg7 Bd1 39.Rxf7  1-0

[Event "Mayors Cup Open"]
[Site "Mumbai IND"]
[Date "2008.05.13"]
[Round "4"]
[White "Udeshi,A"]
[Black "Venkatesh,M"]
[Result "0-1"]
[WhiteElo "2299"]
[BlackElo "2450"]

1.e4 c5 2.Nc3 Nc6 3.Bb5 Nd4 4.Bc4 e6 5.Nf3 Nf6 6.O-O a6 7.Re1 b5 8.Bf1 Bb7
9.d3 Be7 10.Nxd4 cxd4 11.Ne2 Qb6 12.Ng3 Rc8 13.Bd2 d6 14.Rc1 h5 15.c3 dxc3
16.Bxc3 h4 17.Ne2 e5 18.h3 O-O 19.Qd2 Nh7 20.Ba5 Qa7 21.Rxc8 Bxc8 22.Nc3 Bg5
23.Qe2 Be6 24.Kh1 f5 25.exf5 Bxf5 26.Bb4 Qd4 27.a3 Kh8 28.Nd1 Nf6 29.Ne3 Bg6
30.Bc3 Qf4 31.Bd2 Bh5 32.f3 Bg6 33.Nc4 Qg3 34.Bxg5 bxc4 35.Bxf6 cxd3 36.Bxg7+ Kxg7
37.Qe3 e4 38.Qd4+ Kh6 39.Qe3+ Rf4 40.Rc1 exf3 41.Qd2 fxg2+ 42.Bxg2 Qf2 43.Qc3 Qd4
44.Qd2 Kh7 45.Rc7+ Kh6 46.Rc1 Qf2 47.Qc3 d2 48.Rd1 Rd4 49.Qc8 Qe1+ 50.Kh2 Qxd1
51.Qh8+ Kg5 52.Qd8+ Kf5 53.Qf8+ Ke6 54.Qc8+ Kf7 55.Qd7+ Kg8 56.Qd8+ Kg7 57.Qe7+ Bf7
58.Qe3 Qe1 59.Qxd4+ Qe5+ 60.Qxe5+ dxe5 61.Bf3 Kh6  0-1

[Event "43rd Capablanca Memorial Open"]
[Site "Havana CUB"]
[Date "2008.05.15"]
[Round "8"]
[White "Guerra,Le"]
[Black "Cancio Bello,F"]
[Result "1-0"]
[WhiteElo "2176"]
[BlackElo "2048"]

1.e4 c5 2.Nf3 Nc6 3.Nc3 e5 4.Bc4 Be7 5.d3 Nf6 6.Ng5 O-O 7.f4 exf4 8.Bxf4 d6
9.O-O h6 10.Nf3 Bg4 11.Qd2 Bxf3 12.gxf3 Kh7 13.Kh1 Ne5 14.Bb3 Rc8 15.Nd5 b5
16.Nxf6+ Bxf6 17.Bd5 Ng6 18.Be3 Ne7 19.c4 bxc4 20.dxc4 Rb8 21.Rab1 Nxd5 22.cxd5 Rb4
23.b3 Qe7 24.Qc2 g6 25.Bd2 Rbb8 26.Rbe1 Rfc8 27.f4 Qd7 28.Bc1 Re8 29.Qd3 Bg7
30.Re2 Rb4 31.Rfe1 Qg4 32.h3 Qh5 33.Kg2 Rd4 34.Qf3 Qxf3+ 35.Kxf3 Rd3+ 36.Kg2 Bf6
37.Rd2 Rxd2+ 38.Bxd2 Kg7 39.Kf3 h5 40.Ba5 Bd8 41.Bc3+ Bf6 42.e5 dxe5 43.fxe5 Bh4
44.Re4 Bg5 45.Rc4  1-0

[Event "Mayors Cup Open"]
[Site "Mumbai IND"]
[Date "2008.05.15"]
[Round "6"]
[White "Roy Chowdhury,S"]
[Black "Hardik,Me"]
[Result "1-0"]
[WhiteElo "2434"]
[BlackElo "2017"]

1.e4 c5 2.Nf3 Nc6 3.Nc3 Nf6 4.Bb5 d6 5.d4 cxd4 6.Nxd4 Bd7 7.O-O e6 8.Re1 Be7
9.Bxc6 bxc6 10.b3 O-O 11.Nf3 e5 12.h3 h6 13.Na4 Qc7 14.c4 Rad8 15.Bb2 Nh7
16.c5 Ng5 17.Nxg5 hxg5 18.cxd6 Bxd6 19.Qe2 Be6 20.Rac1 Bb4 21.Bc3 Be7 22.Rc2 f5
23.exf5 Bxf5 24.Bxe5 Bd6 25.Bxd6 Qxd6 26.Rc4 Qg6  1-0

[Event "Kaupthing Open"]
[Site "Differdange LUX"]
[Date "2008.05.16"]
[Round "8"]
[White "Macak,S"]
[Black "Dembo,Y"]
[Result "1-0"]
[WhiteElo "2342"]
[BlackElo "2429"]

1.e4 c5 2.Nf3 Nc6 3.Nc3 d6 4.d4 cxd4 5.Nxd4 Nf6 6.Bc4 e6 7.Be3 Be7 8.Bb3 O-O
9.Qe2 Bd7 10.O-O-O Na5 11.g4 Nxb3+ 12.axb3 Qa5 13.g5 Ne8 14.Kb1 Nc7 15.h4 b5
16.Rdg1 b4 17.Nd1 Nb5 18.h5 Nxd4 19.Bxd4 e5 20.Be3 f5 21.gxf6 Bxf6 22.Bg5 d5
23.Bxf6 Rxf6 24.Rg5 Ra6 25.Kc1 Rc8 26.exd5 Qc5 27.Qe4 Rf8 28.Re1 Rf4 29.Qxe5 Ra1+
30.Kd2 Qd4+ 31.Qxd4 Rxd4+ 32.Ke2 Bb5+ 33.Kf3 Raxd1 34.Re7 Rxd5 35.Rgxg7+ Kf8
36.Ref7+ Ke8 37.Rb7 Rf5+ 38.Kg4 Rf8 39.Rb8+ Rd8 40.Rxb5 Rxf2 41.Rg8+ Rf8
42.Rxf8+ Kxf8 43.Rxb4 Rd2 44.Rc4 Kg7 45.Rc7+ Kf6 46.Rc6+ Kg7 47.h6+ Kf7 48.Kf5 Rf2+
49.Ke5 Rh2 50.Kd4 Ke7 51.Kc3 Kd7 52.Rf6 Ke7 53.Ra6 Kd8 54.b4 Kc8 55.Kb3 Rh3+
56.c3 Kd8 57.b5 Rh2 58.c4 Kc8 59.Kc3 Kb7 60.Rf6  1-0

[Event "43rd Capablanca Memorial Open"]
[Site "Havana CUB"]
[Date "2008.05.16"]
[Round "9"]
[White "Tapie Amione,P"]
[Black "Vigoa Apecheche,Yan"]
[Result "1-0"]
[WhiteElo "2194"]
[BlackElo "2251"]

1.e4 c5 2.Nf3 Nc6 3.Nc3 d6 4.d4 cxd4 5.Nxd4 g6 6.Be3 Bg7 7.Be2 Nf6 8.Nb3 O-O
9.f4 Be6 10.g4 Na5 11.g5 Nd7 12.Bd4 Bxd4 13.Qxd4 Rc8 14.O-O-O Nc6 15.Qf2 Qb6
16.Qg3 Nb4 17.Kb1 Nc5 18.Qe3 Nxb3 19.Qxb6 axb6 20.axb3 Rc5 21.Rd4 Nc6 22.Ra4 Ra5
23.Rd1 Rfa8 24.Bd3 Nb4 25.Be2 Kg7 26.Kc1 Bd7 27.Rxb4 Ra1+ 28.Kd2 Rxd1+ 29.Nxd1 Bc6
30.Bd3 h6 31.h4 hxg5 32.hxg5 Rh8 33.Nf2 Rh2 34.Ke3 Rg2 35.Rxb6 e5 36.Kf3 Rg1
37.fxe5 dxe5 38.Ng4 Kf8 39.b4 Rb1 40.b3 Rg1 41.b5 Bd7 42.Nxe5 Be8 43.Kf4 Rg2
44.Rxb7 Rf2+ 45.Nf3 Rg2 46.Rc7 Kg7 47.b6  1-0

[Event "Mayors Cup Open"]
[Site "Mumbai IND"]
[Date "2008.05.16"]
[Round "8"]
[White "Satyapragyan,S"]
[Black "Mehar,C"]
[Result "1-0"]
[WhiteElo "2410"]
[BlackElo "2265"]

1.e4 c5 2.Nc3 Nc6 3.Bb5 g6 4.Bxc6 dxc6 5.d3 Bg7 6.Be3 b6 7.Qd2 h6 8.Nge2 Nf6
9.h3 e5 10.O-O g5 11.a3 Be6 12.b4 Qd7 13.bxc5 Bxh3 14.gxh3 Qxh3 15.f3 Nh5
16.Rf2 Nf4 17.Raf1 Bf6 18.Rh2 Qe6 19.Ng3 b5 20.Nf5 h5 21.Ne2 O-O-O 22.a4 Rdg8
23.axb5 cxb5 24.Qa5  1-0

[Event "Mayors Cup Open"]
[Site "Mumbai IND"]
[Date "2008.05.16"]
[Round "8"]
[White "Swathi,G"]
[Black "Ramnath,B"]
[Result "1/2-1/2"]
[WhiteElo "2350"]
[BlackElo "2204"]

1.e4 c5 2.Nf3 Nc6 3.Nc3 e5 4.Bc4 Be7 5.d3 d6 6.O-O Nf6 7.Ng5 O-O 8.f4 Bg4
9.Qe1 exf4 10.Bxf4 Nd4 11.Qd2 Qd7 12.Be3 a6 13.a4 h6 14.Nf3 Nxf3+ 15.gxf3 Be6
16.Bxe6 fxe6 17.Qg2 Kh8 18.Ne2 e5 19.Ng3 Nh7 20.f4 exf4 21.Bxf4 Ng5 22.Kh1 g6
23.Bd2 Kh7 24.Bc3 Rad8 25.a5 Ne6 26.Ne2 Rxf1+ 27.Rxf1 Rf8 28.Bd2 Rxf1+ 29.Qxf1 Bf8
30.Nc3 Bg7 31.Nd5 Kg8 32.Bxh6 Qd8 33.Qh3 Nc7 34.Nxc7 Qxc7 35.Qe6+ Kh7 36.Bd2 Qd8
37.b3 Qf8 38.Kg2 Bd4 39.Qh3+ Kg8 40.Qe6+ Kg7 41.Be1 Qd8 42.Kf3 Qf8+ 43.Ke2 Be5
44.Bg3 Bxg3 45.hxg3 Qd8 46.e5 d5 47.c4 dxc4 48.bxc4 Qg5 49.g4 Qf4 50.Qe7+ Kg8
51.Qd8+ Kg7 52.Qc7+ Kg8 53.Qb8+ Kg7 54.Qxb7+ Kh6 55.Qh1+ Kg7 56.Qe4 Qxe4+
57.dxe4 g5 58.Kd3 Kf7 59.e6+ Kxe6 60.e5 Kxe5 61.Ke3 Kd6 62.Ke4 Ke6  1/2-1/2

[Event "Mayors Cup Open"]
[Site "Mumbai IND"]
[Date "2008.05.16"]
[Round "8"]
[White "Iuldachev,S"]
[Black "Vidit,S"]
[Result "1/2-1/2"]
[WhiteElo "2501"]
[BlackElo "2337"]

1.e4 c5 2.Nc3 Nc6 3.Bb5 Nd4 4.Ba4 g6 5.Nf3 Bg7 6.O-O Qa5 7.d3 Nxf3+ 8.Qxf3 Bxc3
9.Bb3 c4 10.Bxc4 Bf6 11.d4 e6 12.c3 Bg5 13.Be3 h5 14.e5 Qd8 15.d5 Nh6 16.dxe6 fxe6
17.Qg3 Nf7 18.h4 Bxh4 19.Qxg6 Qe7 20.f4 Kd8 21.a4 Nh6 22.Qxh5 Rh7 23.Bd3 Nf5
24.Qf3 Rg7 25.Bxf5 exf5 26.Bf2 Kc7 27.a5 Bxf2+ 28.Rxf2 Qc5 29.b4 Qc6 30.Qd3 d5
31.exd6+ Qxd6 32.Qc4+ Qc6 33.Qd4 Rd7 34.Qe3 Qd5 35.Re1 b6 36.Ree2 Bb7 37.Rd2 Qe4
38.axb6+ axb6 39.Rxd7+ Kxd7 40.Qxb6 Rg8 41.Rd2+ Kc8 42.Qf2 Rxg2+ 43.Qxg2 Qe1+
44.Qf1 Qxd2 45.Qc4+ Kb8 46.Kf1 Qd1+ 47.Kf2 Qd2+ 48.Kf1 Qd6 49.Ke1 Qb6 50.Kd2 Qg1
51.Ke2 Qg2+ 52.Ke3 Qf3+ 53.Kd2 Qf2+ 54.Kc1 Qe1+ 55.Kb2 Qd2+ 56.Ka3 Bd5 57.Qb5+ Kc7
58.Qc5+ Kd7 59.Qa7+ Ke8 60.Qb8+ Kf7 61.Qc7+ Kg6 62.b5 Be6 63.Kb4 Qb2+ 64.Ka5 Qb3
65.Qe5 Bc4 66.Kb6 Bxb5 67.Qxb5 Qxc3 68.Qc6+ Qxc6+ 69.Kxc6 Kf7 70.Kd5 Kf6
71.Kd6 Kf7 72.Ke5 Ke7 73.Kxf5 Kf7 74.Ke5 Ke7 75.f5 Kf7 76.f6 Kf8  1/2-1/2

[Event "Mayors Cup Open"]
[Site "Mumbai IND"]
[Date "2008.05.17"]
[Round "9"]
[White "Ramnath,H"]
[Black "Kulkarni,R"]
[Result "0-1"]
[WhiteElo "2053"]
[BlackElo "2181"]

1.e4 c5 2.Nc3 Nc6 3.Bb5 Nd4 4.Bc4 e6 5.Nf3 g6 6.O-O Ne7 7.Nxd4 cxd4 8.Ne2 Bg7
9.c3 Qc7 10.Bd3 Nc6 11.f4 O-O 12.f5 exf5 13.exf5 Ne5 14.Qc2 dxc3 15.dxc3 d5
16.Ng3 Nxd3 17.Qxd3 Rd8 18.f6 Bf8 19.Be3 Be6 20.Bd4 a6 21.Rae1 Re8 22.Qd2 b5
23.Qg5 b4 24.Nf5 Bxf5 25.Rxe8 Rxe8 26.Rxf5 bxc3 27.bxc3 h6 28.Qg4 Re4 29.Qxe4 dxe4
30.Re5 Qc6 31.Ra5 e3 32.Kf1 Qc4+ 33.Ke1 Qd3  0-1

[Event "Mayors Cup Open"]
[Site "Mumbai IND"]
[Date "2008.05.17"]
[Round "9"]
[White "Sanjay,T"]
[Black "Mohannad,F"]
[Result "1-0"]
[WhiteElo "2085"]
[BlackElo "2285"]

1.e4 c5 2.Nf3 Nc6 3.Nc3 Nf6 4.d4 cxd4 5.Nxd4 e5 6.Ndb5 d6 7.Bg5 a6 8.Bxf6 gxf6
9.Na3 b5 10.Nd5 Bg7 11.c3 f5 12.Bd3 f4 13.g3 O-O 14.Nc2 Qg5 15.Nb6 Rb8 16.Nxc8 Rfxc8
17.Qf3 a5 18.Rd1 b4 19.Ba6 Rd8 20.O-O b3 21.axb3 Rxb3 22.Na3 Rxb2 23.Nc4 Rb3
24.Rxd6 Nd4 25.Rxd8+ Qxd8 26.Qg4 Rxc3 27.Rb1 f3 28.h4 Nb3 29.Ne3 Kh8 30.Nd5 Rc1+
31.Rxc1 Nxc1 32.Qxf3 a4 33.Qa3 Qa5 34.Qe7 Qe1+ 35.Bf1 h5 36.Qxf7 Qxe4 37.Ne7 Kh7
38.Qxh5+ Bh6 39.Bh3 Ne2+ 40.Kh2 Nd4 41.Bf5+ Nxf5 42.Qg6+  1-0

[Event "Mayors Cup Open"]
[Site "Mumbai IND"]
[Date "2008.05.18"]
[Round "10"]
[White "Samyak,B"]
[Black "Navalgund,N"]
[Result "0-1"]
[WhiteElo "1748"]
[BlackElo "2086"]

1.e4 c5 2.Nc3 Nc6 3.Bb5 a6 4.Bxc6 dxc6 5.d3 e5 6.Nf3 Bd6 7.b3 Ne7 8.O-O O-O
9.Be3 Bg4 10.Na4 b6 11.b4 cxb4 12.Nxb6 Rb8 13.Nc4 f5 14.exf5 Nxf5 15.Nfd2 Nh4
16.h3 Nf3+ 17.Nxf3 Bxf3 18.gxf3 Qh4 19.Kg2 Rf6 20.Rg1 Rbf8 21.Qe2 Qh5  0-1

[Event "Guillermo Garcia Mem"]
[Site "Santa Clara CUB"]
[Date "2008.05.19"]
[Round "1"]
[White "Martinez,Lel"]
[Black "Matsuura,E"]
[Result "1/2-1/2"]
[WhiteElo "2499"]
[BlackElo "2500"]

1.e4 c5 2.Nf3 Nc6 3.Nc3 g6 4.d4 cxd4 5.Nxd4 Bg7 6.Be3 Nf6 7.Be2 O-O 8.Nb3 d6
9.O-O Be6 10.f4 Qc8 11.Kh1 Bg4 12.Bg1 Rb8 13.Bf3 b5 14.Nd5 Bxf3 15.Qxf3 Re8
16.Rac1 Qb7 17.Rfd1 a5 18.a3 Nd7 19.c3 e6 20.Ne3 a4 21.Na1 Na5 22.Rxd6 Nc5
23.e5 Qxf3 24.gxf3 h5 25.Rcd1 Bh6 26.f5 Bxe3 27.Bxe3 Ncb7 28.fxg6 Nxd6 29.exd6 fxg6
30.d7 Red8 31.Bg5 Nc4 32.Nc2 Nxb2 33.Rd4 e5 34.Rd5 Kf7 35.Bxd8 Rxd8 36.Rxb5 Nc4
37.Rb4 Rxd7 38.Rxa4 Nb2 39.Re4 Rd1+ 40.Re1 Rd2 41.Nb4 Kf6 42.Ra1 Na4 43.c4 Rf2
44.Rc1 Rxf3 45.c5 Rxa3 46.c6 Nb6 47.c7 Nc8 48.Rd1 Ke6 49.Rd8 Nb6 50.Nd5 Ra1+
51.Kg2 Rc1 52.Nxb6 Rxc7 53.Rd2 g5 54.Na4 Rc4 55.Nb2 Rg4+ 56.Kf3 Rf4+ 57.Ke3 g4
58.Nd3 Rc4 59.Ra2 Kf5 60.Rf2+ Ke6 61.Rf8 Rc2 62.Nf2 Rc3+ 63.Kd2 Ra3 64.Rh8 g3
65.hxg3 Rxg3 66.Rxh5 Kd5 67.Nd3 Kd4 68.Nxe5 Rg2+ 69.Ke1 Ra2 70.Ng4 Ke4 71.Nf2+ Kd4
72.Rh4+ Ke5 73.Kf1 Kf5 74.Kg2 Rb2 75.Kf3 Rb3+ 76.Ke2 Ra3 77.Nd3 Ke6 78.Rh5 Kd6
79.Ke3 Ke6 80.Rb5 Kf6 81.Ke4 Ra2 82.Nf4 Ra4+ 83.Kf3 Ra1 84.Nd5+ Ke5 85.Ne3+ Ke6
86.Nc4 Rh1 87.Nd2 Rh3+ 88.Ke4 Rh4+ 89.Ke3 Rh3+ 90.Kd4 Rh1 91.Re5+ Kf6 92.Ne4+ Kf7
93.Rf5+ Ke6 94.Rf6+ Ke7 95.Ra6 Kd7 96.Nf6+ Ke7 97.Ke5 Re1+ 98.Ne4 Kd7 99.Rh6 Kc7
100.Re6 Kd7  1/2-1/2

[Event "TCh-CHN Torch Real Estate Cup"]
[Site "Jiangsu Wuxi CHN"]
[Date "2008.05.20"]
[Round "8"]
[White "Wang Pin"]
[Black "Ning Chunhong"]
[Result "0-1"]
[WhiteElo "2415"]
[BlackElo "2362"]

1.e4 c5 2.Nf3 Nc6 3.Nc3 e5 4.Bc4 d6 5.d3 Be7 6.O-O Nf6 7.Ng5 O-O 8.f4 Bg4
9.Qe1 exf4 10.h3 Bd7 11.Bxf4 Nd4 12.Qd2 b5 13.Bd5 Rc8 14.Nf3 b4 15.Nd1 Nxd5
16.exd5 Bf6 17.c3 bxc3 18.bxc3 Nxf3+ 19.Rxf3 Re8 20.Ne3 Be5 21.Raf1 Bxf4
22.Rxf4 f6 23.Qf2 Bb5 24.c4 Bd7 25.Qg3 Kh8 26.Rh4 Re5 27.Rf3 Qe8 28.d4 cxd4
29.Rxd4 Rb8 30.Rd1 Rb2 31.c5 dxc5 32.Nc4 Rg5 33.Qxg5 fxg5 34.Nxb2 g4 35.Rff1 gxh3
36.Rde1 Qb8 37.Nc4 h6 38.Ne5 Qb2 39.gxh3 Qd4+ 40.Kh2 Qxd5 41.Ng6+ Kh7 42.Nf4 Qxa2+
43.Re2  0-1

[Event "Capo d'Orso Open"]
[Site "Porto Mannu Palau ITA"]
[Date "2008.05.22"]
[Round "7"]
[White "Fierro Baquero,M"]
[Black "Bonanno,A"]
[Result "1-0"]
[WhiteElo "2375"]
[BlackElo "2142"]

1.e4 c5 2.Nc3 Nc6 3.Bb5 g6 4.Bxc6 dxc6 5.d3 Bg7 6.Be3 b6 7.Qd2 e5 8.Nge2 Qe7
9.h3 Nf6 10.Bh6 O-O 11.O-O-O Be6 12.Bxg7 Kxg7 13.f4 exf4 14.Nxf4 Rad8 15.g4 Ne8
16.Rdf1 Nc7 17.h4 h6 18.g5 hxg5 19.hxg5 Rh8 20.Nce2 Nb5 21.Nxe6+ Qxe6 22.Qf4 Rxh1
23.Rxh1 Rh8 24.Rxh8 Kxh8 25.a4 Nd4 26.Nxd4 cxd4 27.Qc7 Kg7 28.b3 Qg4 29.Qe5+ Kg8
30.Kb2 c5 31.Qb8+ Kg7 32.Qxa7 Qxg5 33.Qxb6 Qe5 34.a5 g5 35.a6 g4 36.a7 g3
37.a8=Q g2 38.Qbd8  1-0

[Event "TCh-UKR"]
[Site "Alushta UKR"]
[Date "2008.05.23"]
[Round "3"]
[White "Shilin,D"]
[Black "Nosov,M"]
[Result "1-0"]
[WhiteElo "2405"]
[BlackElo "2183"]

1.e4 c5 2.Nc3 Nc6 3.Bb5 Nf6 4.Bxc6 bxc6 5.d3 g6 6.f4 Bg7 7.Nf3 d6 8.O-O O-O
9.Qe1 e6 10.e5 Nd5 11.Ne4 Nb4 12.Rf2 d5 13.Nxc5 Na6 14.Nxa6 Bxa6 15.Be3 f6
16.exf6 Bxf6 17.Bd4 Qd6 18.Qe3 Bxd4 19.Nxd4 Rfe8 20.Re1 Bc8 21.f5 e5 22.f6 Rf8
23.Qxe5 Qxe5 24.Rxe5 Bd7 25.Ne6 Rf7 26.Ng5  1-0

[Event "ch-LTU"]
[Site "Kaunas LTU"]
[Date "2008.05.23"]
[Round "9"]
[White "Malisauskas,V"]
[Black "Pileckis,E"]
[Result "1/2-1/2"]
[WhiteElo "2489"]
[BlackElo "2403"]

1.e4 c5 2.Nc3 Nc6 3.Nge2 Nf6 4.g3 d5 5.exd5 Nxd5 6.Bg2 Nxc3 7.bxc3 Bd7 8.O-O g6
9.Rb1 Qc8 10.d4 Bg7 11.Ba3 b6 12.dxc5 Qa6 13.Bb4 Rd8 14.cxb6 axb6 15.Nd4 Nxb4
16.Rxb4 O-O 17.Qb1 Rb8 18.Qb3 Rfc8 19.Rb1 e5 20.Nb5 Bf8 21.Ra4 Qxb5 22.Qxb5 Bxb5
23.Rxb5 Rxc3 24.Ra7 Bc5 25.Bd5 Rf8 26.Rb3 Rxc2 27.Rf3 Rd2 28.Bb3 e4 29.Rfxf7 Rxf7
30.Rxf7 Kh8 31.h4 Rd8 32.Kf1 Rf8  1/2-1/2